[Event "Olympiad-42"]
[Site "Baku"]
[Date "2016.09.03"]
[Round "2.1"]
[White "Jobava, Baadur"]
[Black "Ghaem Maghami, Ehsan"]
[Result "1-0"]
[WhiteElo "2665"]
[BlackElo "2566"]
[Annotator "Sumets,A"]
[PlyCount "73"]
[EventDate "2016.09.02"]
[EventType "team-swiss"]
[EventRounds "11"]
[EventCountry "AZE"]
[SourceTitle "CBM 175"]
[Source "ChessBase"]
[SourceDate "2016.11.10"]
[SourceVersion "1"]
[SourceVersionDate "2016.11.10"]
[SourceQuality "1"]
[WhiteTeam "Georgia"]
[BlackTeam "Iran"]
[WhiteTeamCountry "GEO"]
[BlackTeamCountry "IRI"]

1. d4 Nf6 2. Bg5 d5 3. e3 e6 (3... c5 4. Bxf6 gxf6 {1-0 (72) see the game
Carlsen,M (2864)-Kramnik,V (2803) Moscow 2013 CBM 155 (Sumets,A)}) 4. Nd2 c5 5.
c3 Be7 ({Black could have played 5...Bd6. In this case, if White plays Bd3, f4
then Black can open the c-file by means of ....h6 and after Bh4 then cxd4.} 
5... Bd6 6. Ngf3 (6. Bd3 Nbd7 7. f4 h6 8. Bh4 Qb6 (8... cxd4 9. cxd4) 9. Qb1 $2
(9. Rb1 Qc7 (9... cxd4 10. cxd4 g5 $5 11. fxg5 hxg5 12. Bxg5 e5) 10. Ngf3 O-O
11. O-O b6 $13) 9... g5 $2 (9... Ng4 $1 10. Nf1 cxd4 11. cxd4 g5 $1 12. fxg5
hxg5 13. Bxg5 Bb4+ 14. Ke2 f6 15. Bf4 e5 16. Bg3 e4 $19) 10. fxg5 hxg5 11. Bxg5
Rxh2 12. Rxh2 Bxh2 $11 {Mikhailov,S (2398)-Prokopenko,A (2189) Taganrog 2010
1-0 (27)}) 6... h6 7. Bh4 Nbd7 8. Bd3 O-O 9. O-O b6 {Black controls the
e5-square, so White's typical plan Ne5, f4 and let's say Rf3 with a possible
strong attack on the kingside doesn't work. He can't get more than an equal
position after 10.Bg3.} 10. e4 cxd4 11. Bxf6 Qxf6 12. cxd4 dxe4 13. Bxe4 Rb8
14. Nc4 Qe7 15. Nxd6 Qxd6 16. Rc1 Bb7 17. Bxb7 Rxb7 $15 {Jones,G (2665)-Meier,
G (2646) Tromso 2014 0-1 (68)}) 6. Bd3 Nc6 {Black can try to put his knight to
d7 or he can start with b6, Bb7.} (6... Nbd7 7. Ngf3 b6 8. O-O Bb7 9. Qb1 h6
10. Bh4 O-O 11. b4 c4 $5 12. Bc2 a5 13. b5 a4 14. Qd1 a3 (14... Ra5 $5 15. Rb1
Ne8 16. Bxe7 Qxe7 17. Rb4 Nd6 18. Qb1 f5) 15. Rb1 Ra5 16. Ne5 Nxe5 17. dxe5 Nd7
18. Bg3 Nc5 19. Nf3 Ne4 20. Qe1 (20. Bxe4 dxe4 21. Nd4 Bc5 22. Qg4 Qe8 $15)
20... Bc5 (20... Nxg3 $5 21. hxg3 Qc7 $15) 21. Nd4 Qe8 $2 (21... Nxg3 22. hxg3
Qd7 $13) 22. Bf4 $16 {Zherebukh,Y (2595)-Chirila,I (2530) Chicago USA 2016 1-0
(43)}) (6... b6 7. Ngf3 O-O 8. Qe2 a5 9. Ne5 Nfd7 10. Bxe7 Qxe7 11. Nxd7 Nxd7
12. f4 Nf6 13. O-O Bb7 14. Rf3 Ne4 15. Rh3 f6 16. Nxe4 dxe4 17. Bc4 g6 $11 {
Perunovic,M (2578)-Lenic,L (2637) Sarajevo 2011 0-1 (50)}) 7. f4 Ng8 $6 $146 {
I don't think that this idea will find many followers.} (7... O-O 8. Ngf3 b6 9.
O-O (9. h4 $5 Ne8 (9... Bb7 {I don't know what Ehlvest had in mind after 9...
Bb7 but I think he would play 10.Bxf6 Bxf6 11.g4.} 10. Bxf6 Bxf6 11. Bxh7+ $6 {
it might work only in blitz game.} Kxh7 12. Ng5+ Kh6 (12... Kg8 $4 13. Qh5 $18)
13. Ndf3 (13. Qc2 g6 $8 14. h5 Bxg5 15. hxg6+ Bh4+ 16. g3 Kg7 17. Rxh4 Rh8 $19)
13... Qe7 14. g4 g6 $17) 10. Ne5 Nxe5 11. fxe5 f5 12. Qh5 Rf7 13. Nf3 Nc7 14.
Bxe7 Rxe7 15. Ng5 g6 16. Qf3 Rg7 17. O-O-O c4 18. Bc2 h5 19. Qf4 b5 $2 20. g4
$16 {Ehlvest,J (2597)-De la Paz Perdomo,F (2442) Santo Domingo 2006 1/2 (57)})
9... Bb7 10. Ne5 Nxe5 11. fxe5 Ne4 $2 12. Bxe7 Qxe7 13. Bxe4 dxe4 14. Qg4 $16 {
Andreikin,D (2743)-Gunina,V (2518) Almaty KAZ 2016 1/2 (105)}) (7... b6 8. Ngf3
Bb7 9. Ne5 Nxe5 10. fxe5 Nd7 11. Bxe7 Qxe7 12. O-O O-O-O 13. a4 f6 14. exf6
gxf6 15. a5 $40 {Romanov,E (2619)-Matlakov,M (2686) St Petersburg RUS 2016 1-0
(40)}) (7... Qb6 8. Rb1 h6 9. Bh4 Qc7 10. Bg3 Bd6 11. Qf3 $6 (11. Ngf3 cxd4 12.
Nxd4 a6 $11) 11... b6 12. Ne2 Bb7 13. O-O O-O-O 14. Rfc1 Kb8 15. a4 Rc8 16. b3
Ka8 $15 {0-1 (29) Romanov,E (2619)-Khismatullin,D (2617) Sochi RUS 2016}) 8.
Ngf3 f5 $2 (8... Bxg5 9. Nxg5 (9. fxg5 $5 {I think that Baadur would have
chosen this continuation.} Nge7 10. O-O $14 ({White has nothing after} 10. dxc5
b6 11. cxb6 Qxb6 $11)) 9... h6 10. Ngf3 b6 11. O-O Nge7 {This leads to a
'usual' position where White's chances are slightly better.}) 9. dxc5 Bxg5 ({
As an alternative Black can think about} 9... a5 10. O-O Bxg5 11. fxg5 $5 Qe7
12. b4 $1 axb4 13. cxb4 Nxb4 14. Bb5+ Nc6 15. Ne5 Qc7 (15... Bd7 16. Bxc6 Bxc6
17. Qh5+ Kf8 18. Ndf3 $16) 16. Qh5+ g6 17. Nxg6 Qf7 18. Nf4 $16) 10. Nxg5 Nf6
11. O-O Qe7 12. b4 $16 e5 13. Re1 ({As an alternative I can propose} 13. Nb3 $5
h6 (13... a6 14. Be2 O-O 15. c4 $16 Nxb4 $2 16. a3 Nc6 17. cxd5 $18) 14. Nh3 $1
(14. Nf3 $5 e4 15. Nh4 exd3 16. Ng6 Qxe3+ 17. Kh1 Ne4 18. Nxh8 Qe2 $1 19. Nd4
Qxd1 20. Raxd1 Nxd4 21. cxd4 Bd7 $44) 14... O-O 15. Qd2 Re8 16. a4 a6 17. b5
$16) 13... h6 14. fxe5 ({I would have preferred} 14. Nh3 $5) 14... Qxe5 15. e4
$1 {An excellent idea!} fxe4 16. Ngxe4 dxe4 17. Bxe4 $8 $16 (17. Nxe4 $2 O-O
$17) 17... O-O 18. Bxc6 Qxc3 19. Ne4 $1 Nxe4 (19... Qxb4 20. Rb1 Qa5 21. Nxf6+
Rxf6 22. Re8+ Kh7 23. Be4+ $18) 20. Bxe4 {Black sacrifices a second pawn.} Be6
({The endgame arising after} 20... Qxb4 $5 21. Qb3+ Qxb3 22. axb3 a5 ({or} 
22... Kh8 $6 23. b4 $18 {Black's pieces are tied}) 23. Bd5+ Kh7 24. Re7 Ra6 25.
h3 Rd8 26. Be4+ Kg8 $16 {is very unpleasant for Black but probably it was his
best chance to save a half point.}) 21. Qd3 $2 {Even Baadur sometimes
miscalculates. Suddenly Black has got an excellent chance to draw.} (21. Bxb7
Rad8 22. Qb1 Rd4 23. a3 Rdf4 24. Qd1 $18) 21... Qxd3 $2 ({Black should have
taken the c5-pawn:} 21... Qxb4 22. Bh7+ Kh8 23. Rxe6 Rad8 $1 $11 {White can't
save his extra bishop} 24. Qe4 Qb2 25. Qb1 $8 Qxb1+ 26. Rxb1 $8 Kxh7 $11) 22.
Bxd3 Rad8 23. Bf1 $16 {White has an extra pawn and the better position.} Kf7
24. Re3 Rd7 $2 ({24...Rd2 or 24...Rd4 would have been more stubborn, but I'm
almost sure that the result would be the same. This endgame is hopeless.} 24...
Rd2 25. a4 Rfd8 26. Be2 Bd5 27. Rf1+ Kg8 28. Rd1 Rxd1+ 29. Bxd1 Bc6 (29... Kf8
30. Rd3 Ke7 31. Be2 (31. Bf3 $2 Bxf3 32. Rxd8 $2 Kxd8 33. gxf3 Kd7 34. b5 a6
35. Kf2 axb5 36. axb5 Ke6 $11) 31... Bc6 32. Rxd8 Kxd8 33. b5 Bd5 34. Bf3 Bxf3
35. gxf3 Ke7 36. Kf2 Ke6 37. a5 Kd5 38. c6 $1 bxc6 39. b6 $1 axb6 40. a6 $18)
30. Bb3+ Kf8 31. b5 Be8 32. Kf2 $16 {This evaluation ' big advantage' is very
close to 'winning position'}) (24... Rd4 25. a3 Bd5 26. Be2 Rd2 27. Rf1+ Kg8
28. Rd1 Rxd1+ 29. Bxd1 $16) 25. Bb5 Re7 $8 (25... Rc7 26. Rf1+ $18 {and Black
loses his bishop.}) (25... Rd2 26. Rf1+ $18) 26. Rf1+ Kg8 27. Rxe6 $18 {
This leads to a pawn endgame where White has an extra pawn. The rest is clear.}
Rxe6 28. Bc4 Rfe8 29. Re1 Kf7 30. Kf2 Kf6 31. Rxe6+ Rxe6 32. Bxe6 Kxe6 33. Ke3
Kd5 34. Kd3 a5 35. a3 g5 36. g4 axb4 37. axb4 1-0

[Event "Moscow Tal Memorial 8th"]
[Site "Moscow"]
[Date "2013.06.13"]
[Round "1"]
[White "Carlsen, Magnus"]
[Black "Kramnik, Vladimir"]
[Result "1-0"]
[WhiteElo "2864"]
[BlackElo "2803"]
[Annotator "Sumets,A"]
[PlyCount "143"]
[EventDate "2013.06.13"]
[EventType "tourn"]
[EventRounds "9"]
[EventCountry "RUS"]
[EventCategory "22"]
[SourceTitle "CBM 155"]
[Source "ChessBase"]
[SourceDate "2013.07.16"]
[SourceVersion "1"]
[SourceVersionDate "2013.07.16"]
[SourceQuality "1"]

1. d4 Nf6 2. Bg5 d5 3. e3 c5 4. Bxf6 gxf6 5. dxc5 {White may opt for other
possibilities.} (5. Bb5+ Bd7 6. Bxd7+ Qxd7 7. Qf3 (7. Nf3 Nc6 8. Nc3 cxd4 9.
exd4 $6 (9. Nxd4 f5 10. O-O e6 11. Qh5 Bg7 12. Rad1 O-O $11) 9... O-O-O 10. Ne2
e5 11. O-O h5 12. Nh4 Rg8 $15 {Maslak,K-Bukavshin,I Ch-RUS Higher League
Irkutsk 2010 0-1 (56)}) 7... cxd4 8. exd4 Nc6 9. Ne2 f5 10. O-O e6 11. Rd1
O-O-O 12. b3 Rg8 13. c4 dxc4 14. Nbc3 Bg7 (14... cxb3 $6 15. axb3 a6 16. d5 Ne5
17. Qe3 $44) 15. bxc4 Bxd4 16. Rab1 Ne5 17. Qh3 Qc6 $15 {Morozevich,
A-Ponomariov,R Macedonia Palace GP Thessaloniki GRE 2013 1/2-1/2 (55)}) (5. c3
Nc6 (5... Qb6 $5 6. Qc2 Nc6 7. Nf3 cxd4 8. exd4 (8. Nxd4 e5 9. Nxc6 bxc6 10.
Nd2 Rb8 11. b3 Bd6 12. Be2 O-O $15) 8... e5 9. Be2 e4 10. Nh4 f5 11. g3 f4 12.
gxf4 Bh3 13. Rg1 Qd8 $17 {0-1 Alarcon Casellas,R-Peralta,F/Barbera del Valles
ESP 2012 (36)}) 6. Nd2 e5 7. Ngf3 Be6 (7... e4 $5 8. Ng1 Qb6) 8. Bb5 Bd6 9. O-O
Qc7 (9... e4 10. dxc5 exf3 11. cxd6 fxg2 12. Kxg2 Qxd6 13. Ne4 Qe7 14. Ng3 Rg8
$13) 10. dxe5 fxe5 11. e4 O-O-O 12. exd5 Bxd5 13. Qc2 Ne7 14. Bc4 Bxc4 15. Nxc4
Rhg8 16. Rfe1 (16. Rad1 $5) 16... f6 17. Qxh7 Ng6 18. Qxc7+ Bxc7 19. Rad1 $16 {
Chernyshov,K-Movsesian,S Pardubice Rapid 2009 1-0 (57)}) (5. Nc3 Nc6 (5... e6
6. Qh5 Nc6 7. O-O-O cxd4 8. exd4 Bb4 9. Nge2 Bd7 10. Rd3 Qb6 11. g3 Na5 12. Bh3
f5 13. g4 (13. Bxf5 $1 exf5 $2 (13... Nc4 14. b3 O-O-O 15. Bh3 Nd6 $44) 14.
Nxd5 Qc6 15. Nef4) 13... Nc4 14. b3 Ba3+ 15. Kb1 fxg4 16. Bxg4 O-O-O 17. Nd1
Nd6 $17 {Duong The Anh-Erdos,V Harkany 2008 0-1 (44)}) 6. Bb5 e6 7. Nf3 Bd7 8.
O-O a6 9. Bxc6 Bxc6 10. dxc5 e5 11. Qe2 Qd7 12. b4 (12. Rfd1 $5 O-O-O 13. e4 d4
14. b4 Rg8 15. Nd5 Bxd5 16. exd5 Qxd5 17. Rab1 $13) 12... O-O-O 13. Rfd1 Rg8
14. g3 Qg4 15. e4 dxe4 16. Rxd8+ Kxd8 17. Rd1+ Kc8 18. Nd2 Qxe2 19. Nxe2 b6 $15
{Zhang Pengxiang-Naiditsch,A EU-Cup 22nd Fuegen 2006 1/2-1/2 (52)}) (5. c4 dxc4
6. Bxc4 cxd4 7. exd4 Bg7 8. Nc3 O-O 9. Nge2 Nc6 10. O-O f5 11. d5 Ne5 12. Bb3
Qd6 13. h3 Bd7 14. Ba4 Nc4 15. Bxd7 Qxd7 16. b3 Nb6 17. Qd3 Rac8 18. Rad1 Rc5
19. Qf3 Rfc8 20. Rd3 Kh8 {1/2-1/2 Miladinovic,I-Georgiev,K Bar 2008}) 5... e6
6. Nf3 (6. c4 dxc4 7. Qxd8+ Kxd8 8. Bxc4 Bxc5 9. Nc3 Ke7 10. a3 a6 11. Nf3 Nc6
{1/2-1/2 Miladinovic,I-Popovic,D/Vrnjacka Banja SRB 2012}) 6... Nd7 $146 {
Black's plan is to regain the pawn with ...Nxc5 and put his bishop on the
a1-h8 diagonal (...Bg7 and ...f5).} 7. c4 {It seems to me that this is the
only way to fight for an advantage.} dxc4 8. c6 $1 (8. Bxc4 Nxc5 9. Nc3 Bg7 10.
O-O O-O 11. Qe2 f5 {Black might have the better position.}) 8... Nb6 (8... Ne5
$5 9. Qxd8+ Kxd8 10. Nxe5 fxe5 11. Bxc4 (11. cxb7 Bxb7) 11... bxc6 12. Nd2 Rb8
13. b3 Bb4 {Black's bishops compensate for the damaged pawn structure. I think
that the position is equal.}) 9. Nbd2 {White needs to keep queens on the board.
Otherwise he could find himself in a worse position.} (9. Qxd8+ Kxd8 10. Nbd2 (
10. cxb7 $6 Bxb7 11. Nbd2 Rg8 12. O-O-O Ke7 $17) 10... c3 11. bxc3 bxc6 12. Be2
Kc7 13. O-O Rg8 {Black has better chances.}) 9... c3 10. bxc3 bxc6 11. Qc2 Bg7
12. Bd3 f5 (12... h6 {Who except a computer engine wants to make such moves if
he has another choice?} 13. O-O O-O 14. Rfd1 Qc7 15. e4 Rd8 16. a4 $14) 13. e4
Qf6 (13... fxe4 $1 {I think it was the best move and Black even had some
chances to seize the initiative.} 14. Bxe4 (14. Nxe4 Nd5 15. O-O O-O 16. Rab1
f5 17. Ng3 Qd6 (17... Bxc3 18. Ne2 Bf6 19. Qxc6 Bd7 20. Qd6 Bc8 21. Qc6 Bd7 $11
) 18. Ne2) 14... Nd5 15. O-O f5 $1 {It is not easy to make a move like ...f5
before castling short but I believe that only Black could fight for an
advantage after 15...f5} 16. Bxd5 (16. Bd3 O-O 17. Rfe1 Bxc3 18. Rab1 Qc7 19.
Rb3 Bg7 20. Nc4 Rb8) 16... cxd5 {I don't see how White should play} 17. Rac1 (
17. Rfe1 O-O 18. Nb3 Qc7 19. Rac1 e5 {White's strategy failed}) 17... O-O 18.
c4 $6 e5 19. cxd5 e4 20. Ne1 Ba6 $19) 14. Rc1 {White should keep the tension
in the centre.} (14. e5 $6 Qe7) (14. exf5 exf5 15. O-O O-O 16. Rac1 c5 17. Rfe1
Bd7 $11) 14... O-O 15. O-O c5 16. Rfe1 {Magnus Carlsen didn't want to take the
c4-pawn so he prepares the f1-square for his bishop.} (16. a4 c4 {now White
must capture on c4} 17. Nxc4 (17. Bxc4 $2 Nxc4 18. Nxc4 Ba6 19. Qa2 Rac8 $17)
17... Nxc4 18. Bxc4 Bb7 19. Bd3 Rac8 20. c4 Rfd8 $44 {Black has some
compensation for the pawn.}) 16... Rd8 17. a4 (17. exf5 $5 exf5 18. Nc4 $1 (18.
Nf1 $6 c4 (18... Nd5 $5 19. Ng3 Nf4 20. Bf1 Be6) 19. Be2 f4 20. Nd4 Bb7 21. Nd2
Qg6 22. Bf3 Bxf3 23. N2xf3 Qxc2 24. Rxc2 Nd5 $11) 18... Be6 19. Ne3 f4 20.
Bxh7+ Kh8 21. Nf1 Nd5 22. Be4 Rab8 23. Bxd5 Bxd5 24. N1d2 {Black has the two
bishops and some compensation for the sacrificed pawn but the position should
be assessed in White's favour.}) 17... c4 ({At the press conference M. Carlsen
suggested} 17... Nxa4 18. e5 (18. exf5 $5 exf5 19. Qxa4 Rxd3 20. Ne4 $1 Qe7 21.
Neg5 Be6 22. Nxe6 fxe6 23. Qc4 Rd6 24. h4 h6 25. Qxc5 $14) 18... Qe7 19. Bxf5
exf5 20. Qxa4 Bb7 21. Qf4 Qe6 $13) 18. Bf1 fxe4 19. Nxe4 Qf5 $6 (19... Qg6 20.
a5 Nd5 21. Bxc4 Nf4 22. g3 Bb7 23. a6 Bc6 {(Carlsen)}) 20. Nd4 Bxd4 21. cxd4
Bb7 (21... Rxd4 $2 {To take this pawn means to lose immediately.} 22. Rcd1 e5 (
22... Rxd1 23. Qxd1 Nd5 (23... Ba6 24. Re3 Nd5 25. Rg3+ Kf8 26. Qd4 $18) 24.
Bxc4 Bb7 25. Qd4 e5 26. Qc5 Rc8 27. Qxa7 Rxc4 28. Nd6 $18) 23. a5 Nd7 24. Rxd4
exd4 25. Qxc4 Qe5 26. f4 $18) 22. Nc5 $8 Qxc2 23. Rxc2 Bc6 $1 {Black found an
amazing opportunity. However it is not easy to see how White wins after the
simple ...Bd5.} (23... Bd5 24. a5 Nc8 25. Bxc4 Ne7 26. g4 $1 (26. h3 Nf5 $1 27.
Bxd5 Rxd5 28. Re5 Nxd4 29. Rxd5 exd5 30. Rd2 Rc8 31. Nd7 Rc4 32. Nf6+ Kg7 33.
Nxd5 Nb3 $11) 26... Bxc4 27. Rxc4 Rac8 28. Rec1 h5 $1 29. h3 hxg4 30. hxg4 Kg7
{White is a pawn up but Black has good chances to make a draw.}) 24. a5 Rxd4
25. axb6 axb6 {White' knight is trapped.} 26. Nxe6 $1 {The only way to avoid a
draw.} (26. Nb3 cxb3 27. Rxc6 b2 28. Rb1 Ra1 29. Rxb2 Rdd1 30. g3 $11) (26. Nd3
Ba4 27. Nb4 Bxc2 28. Nxc2 Rd2 $17 {(Carlsen)}) 26... fxe6 27. Bxc4 Bd7 28. h3
Kf7 29. Bb3 $14 {It is obvious that White has an advantage in the endgame. It
is obvious as well that Black could make a draw if he plays precisely. The
material is very reduced.} Ke7 (29... b5 30. Rce2 Ra6 {Probably this was the
best setup for Black.} 31. Re5 (31. Rc1 Ke7 32. Re3 b4) 31... Rd3 32. Bc2 Rd2
33. Bxh7 Raa2 34. Rf1 b4 $44) 30. Rce2 Rd6 31. Re4 Ra3 32. R1e3 h5 (32... Rd2
33. Rh4 Ra1+ 34. Kh2 Rxf2 35. Rxh7+ Rf7 36. Rh8 {All the white pieces are very
active but I believe that Black would find the way to draw.}) 33. Rh4 Be8 34.
Kh2 Bg6 35. Rb4 Kf6 36. Kg3 e5 37. Kh4 Rd4+ (37... Ra1 $6 38. f4 exf4 39. Rxf4+
Kg7 40. Re7+ Kh6 41. Rf8 Bd3 42. Rh8+ Kg6 43. Rxh5 $16) (37... Ra5 {Black
could wait. It is difficult to find a reasonable plan for White.} 38. g4 hxg4
39. hxg4 e4 40. f4 exf3 41. Rf4+ Kg7 42. Re7+ Kh6 43. Rf8 {(Carlsen)} Bd3 $8
44. Rxf3 Rc5 45. Rf8 Kg6 46. Ref7 Bc4 47. Bc2+ Bd3 48. Bxd3+ Rxd3 $11) 38. Rxd4
exd4 39. Re6+ Kg7 40. Rxb6 d3 41. Bd1 (41. Kg5 Be4 $5 (41... Ra5+ 42. Kf4 Rf5+
43. Ke3 Re5+ 44. Kd4 Re2 $11 {(Carlsen)}) 42. Bd1 (42. f3 $4 Rxb3 43. Rxb3 d2
$19) 42... Bxg2 43. Kxh5 Bxh3 $11) 41... Ra2 $1 42. Kg3 {The only chance to
continue the game.} (42. Kg5 Be4 43. Kxh5 Rxf2 44. g4 Rd2 45. Ba4 Ra2 46. Rb4
Bf3 47. Rf4 Rxa4 48. Rxa4 d2 49. Rd4 d1=Q 50. Rxd1 Bxd1 $11) (42. Bxh5 Bxh5 43.
Kxh5 Rxf2 44. g4 (44. Rb7+ Kf6 45. g4 Ke6 46. g5 d2 47. Rb1 Rf8 48. g6 Rd8 49.
Rd1 Kf6 $11) 44... Rf6 45. Rb1 Rd6 46. Rd1 d2 $11) 42... h4+ $6 (42... Ra1 43.
Bf3 Ra4 44. h4 (44. Rd6 h4+ 45. Kh2 Ra2 (45... Rb4 46. g4 hxg3+ 47. Kxg3 Ra4)
46. Rd4 Rxf2 47. Rxh4 d2 48. Rd4 Bc2 49. Bg4 $18 {(Carlsen)} (49. Kg3 $2 Rxf3+
$11)) 44... Rc4 {White's advantage is probably insufficient for a win after
all.} 45. Rc6 Rb4 46. Bd1 Rb1 47. Ba4 Rb4 48. Bd1 ({If White wants to continue
the game so much he could show us how to make a draw without the bishop.} 48.
Ra6 $2 d2 49. Bd1 Rb1 50. Bf3 d1=Q 51. Bxd1 Rxd1) 48... Rb1 $11) 43. Kxh4 Rxf2
44. Kg3 Rf6 $4 {Such a move can only be explained by Vladimir Kramnik's
fatigue. Perhaps he confused something and thought that the position is
drawish.} 45. Rxf6 Kxf6 46. Kf4 $18 d2 47. Ke3 Ke5 48. g3 $1 (48. Kxd2 $4 Kf4
49. g4 (49. Ke1 Kg3 50. Kf1 Be4 $11) 49... Be4 50. h4 Bf5 51. g5 Kg3 52. Ke3
Kxh4 53. Kf4 Be4 $11) 48... Bf5 49. h4 Be6 50. Kxd2 Ke4 51. Ke2 Bg4+ 52. Ke1
Be6 53. Kf2 Ke5 54. Ke3 Bd7 55. Bc2 Bg4 56. Bg6 Bd7 57. h5 Kf6 (57... Bc8 58.
Be4 Bd7 59. h6 Kf6 60. Kf4 Bc8 61. g4 Bxg4 62. Kxg4 Kf7 63. Bh7 $1 {The only
move. Black's king doesn't get into the corner.} Kf6 64. Kh5 Kf7 65. Kg5 Kf8
66. Kg6) 58. Kf4 Be6 59. Be4 ({Of course Carlsen doesn't play} 59. g4 $4 Bxg4
60. Kxg4 Kg7 61. Kg5 Kh8 $11) 59... Kg7 60. Kg5 Bd7 61. h6+ Kh8 62. Kf4 Be6 63.
Bf5 Bf7 64. g4 Bh5 65. g5 Kg8 66. Be6+ Kh7 67. Kf5 Bg6+ 68. Kf6 Kh8 69. Bd7 Bh5
70. Bc6 Kh7 71. Bd5 Bg6 72. Bg8+ 1-0